| 000 | 00955cam a2200217 4500 | ||
|---|---|---|---|
| 001 | WB3705-07 | ||
| 008 | 000000n2001 000 0 eng u | ||
| 035 | _a(Sirsi) u110679 | ||
| 245 | _aImprovements to high-density living | ||
| 260 | _c2001 | ||
| 490 |
_aBuilding Homes _vJanuary 2001, 7(1) |
||
| 520 | _aThrough proposed changes to Part E of the Building Regulations, government is demanding that developers improve the sound insulation of homes, thus promising to make high-density urban living more attractive to buyers. Describes some of the new measures to be introduced. These include acoustic testing of new homes. Homebuilders have until 20 April 2001 to comment on the proposals. | ||
| 590 | _aWB | ||
| 650 | _aBUILDING REGULATIONS PART E | ||
| 650 | _aDEVELOPERS | ||
| 650 | _aSOUND PROOFING | ||
| 650 | _aSOUND INSULATION | ||
| 650 | _aHIGH DENSITY DEVELOPMENT | ||
| 690 | _aBUILT ENVIRONMENT-BUILDING STANDARDS | ||
| 942 | _n0 | ||
| 999 |
_c65955 _d65955 |
||